<?xml version="1.0" encoding="UTF-8"?>
<collection xmlns:xsi="http://www.w3.org/2001/XMLSchema-instance" xsi:schemaLocation="http://www.loc.gov/MARC21/slim http://www.loc.gov/standards/marcxml/schema/MARC21slim.xsd" xmlns="http://www.loc.gov/MARC21/slim">
 <record>
  <leader>00000cmc a22000003a 4500</leader>
  <controlfield tag="001">UP-8027390931313939830</controlfield>
  <controlfield tag="003">Buklod</controlfield>
  <controlfield tag="005">20260218095123.0</controlfield>
  <controlfield tag="006">m    |o  d |      </controlfield>
  <controlfield tag="007">ta</controlfield>
  <controlfield tag="008">150922s        xx     d        u        </controlfield>
  <datafield tag="035" ind1=" " ind2=" ">
   <subfield code="a">(iLib)UPVIS-00038827477</subfield>
  </datafield>
  <datafield tag="040" ind1=" " ind2=" ">
   <subfield code="a">ess 3.10.14</subfield>
  </datafield>
  <datafield tag="041" ind1=" " ind2=" ">
   <subfield code="a">eng</subfield>
  </datafield>
  <datafield tag="090" ind1=" " ind2="0">
   <subfield code="a">CD 1290</subfield>
  </datafield>
  <datafield tag="100" ind1="0" ind2=" ">
   <subfield code="a">Gamboa, Joonee</subfield>
  </datafield>
  <datafield tag="245" ind1="0" ind2="0">
   <subfield code="a">Quiet places [videorecording]</subfield>
   <subfield code="b">a look at ecotourism in the Philippines</subfield>
   <subfield code="c">Narrated by Joonee Gamboa.</subfield>
  </datafield>
  <datafield tag="264" ind1=" " ind2="1">
   <subfield code="a">[Quezon City]</subfield>
   <subfield code="b">Bookmark Video</subfield>
  </datafield>
  <datafield tag="300" ind1=" " ind2=" ">
   <subfield code="a">1 videodisc(35 min.)</subfield>
   <subfield code="b">sd., Col.</subfield>
   <subfield code="c">4 3/4 in.</subfield>
  </datafield>
  <datafield tag="340" ind1=" " ind2=" ">
   <subfield code="a">DVD Video.</subfield>
  </datafield>
  <datafield tag="511" ind1="0" ind2=" ">
   <subfield code="a">Gamboa, Joonee, Narrator</subfield>
  </datafield>
  <datafield tag="520" ind1=" " ind2=" ">
   <subfield code="a">The Philippines is a land of great natural reality. Through the years, many attemps have been made to take advantage of this and develop tourism into one of the country's biggest revenue- earners.  With the continuing destruction of the environment and the rapid loss of the very respurces that are being counted upon to draw visitors, it has become necessary to examine what is being done, and determine how the national tourism development program may be revised.</subfield>
  </datafield>
  <datafield tag="520" ind1=" " ind2=" ">
   <subfield code="a">Quiet Places: a look at ecotourism in the Philippines is about a new, more relevant and more gentle kind of tourism.  A way of travelling that has become popular all over the world and is finally gaining advocacy oin the Philippines.</subfield>
  </datafield>
  <datafield tag="520" ind1=" " ind2=" ">
   <subfield code="a">Learn more about the concepts behind ecotourism; witness examples of how they are implemented in the Philippines.  and see why they are now regarded as the appropriate and sustainable alternative to the more damaging and strenuous commercialism that prevails in the mainstream tourism sector today.</subfield>
  </datafield>
  <datafield tag="520" ind1=" " ind2=" ">
   <subfield code="a">Find your way to extraordinary places on the archipelago where ecotourism in the marine and riverine settings is being promoted, with remarkable results.  Places such as the Tubbhataha reefs in the Sulu Sea; Anilao in Batangas; Bais in Negros Oriental; The Lobo9c and Abatan Rivers in Bohol; The Agusan Marsh in Mindanao; Donsol in Sorsogon; The Batanes Islands; Lake Sebu in South Cotabato; Honda Bay and Coron in Palawan and Turle Island in Tawitawi.  Meet some people who are playing important roles in the promotion of the new trusts for an industry dedicated more and more to conserving nature's gifts, while paving the way for economic.</subfield>
  </datafield>
  <datafield tag="650" ind1="1" ind2="0">
   <subfield code="a">Ecotourism</subfield>
   <subfield code="z">Philippines.</subfield>
  </datafield>
  <datafield tag="650" ind1=" " ind2="0">
   <subfield code="a">Mangroves.</subfield>
  </datafield>
  <datafield tag="650" ind1=" " ind2="0">
   <subfield code="a">Coral Reefs.</subfield>
  </datafield>
  <datafield tag="700" ind1="0" ind2=" ">
   <subfield code="a">Tan, Jose Ma. Lorenzo</subfield>
   <subfield code="e">Executive Producer.</subfield>
  </datafield>
  <datafield tag="700" ind1="0" ind2=" ">
   <subfield code="a">Conti, Joey</subfield>
   <subfield code="e">Director.</subfield>
  </datafield>
  <datafield tag="700" ind1="0" ind2=" ">
   <subfield code="a">Chiu, Stella</subfield>
   <subfield code="e">Producer.</subfield>
  </datafield>
  <datafield tag="700" ind1="0" ind2=" ">
   <subfield code="a">Honasan, Alya B.</subfield>
   <subfield code="e">Writer.</subfield>
  </datafield>
  <datafield tag="852" ind1="0" ind2=" ">
   <subfield code="a">UPVIS</subfield>
   <subfield code="b">UPV-ML</subfield>
   <subfield code="h">CD-001290</subfield>
  </datafield>
  <datafield tag="942" ind1=" " ind2=" ">
   <subfield code="a">Electronic Resource</subfield>
  </datafield>
 </record>
</collection>
